000 00523nam a2200145 4500
008 730.986.1 M491b
020 _a9789585767119
082 _a730.986.1
_bM491b
100 _aRozo, Rómulo
_96688
245 _aLa bachué de Rómulo Rozo:
_bun ícono del arte moderno colombiano
260 _aColombia
_bFundación Proyecto Bachué
_c2013
300 _a197 p.
_bill (col)
_c29 x 24.5 cm
650 _xarte - escultura
_xColombia
_xescultura - colecciones
_xRozo, Rómulo, 1899-1964
_96691
700 _aPadilla, Christian (edición)
_96692
999 _c1620
_d1620